The Seven Husbands of Evelyn Hugo/ (Record no. 194188)

MARC details
000 -LEADER
fixed length control field 00775nam a22002177a 4500
005 - DATE AND TIME OF LATEST TRANSACTION
control field 20260512150306.0
010 ## - LCCN (DPL NO)
LC control number B-746591-596 ENG-148447 E.N.A./7.11.22
020 ## - INTERNATIONAL STANDARD BOOK NUMBER
International Standard Book Number 9781501161933
Terms of availability 499.00
035 ## - SYSTEM CONTROL NUMBER
System control number B-746591-596
035 ## - SYSTEM CONTROL NUMBER
System control number EN-131979
037 ## - SOURCE OF ACQUISITION
Source of stock number/acquisition Aakar
037 ## - SOURCE OF ACQUISITION
Source of stock number/acquisition DBAD
082 ## - DEWEY DECIMAL CLASSIFICATION NUMBER
Classification number N
100 ## - MAIN ENTRY--PERSONAL NAME
Personal name Reid, Jenkins Taylor
245 ## - TITLE STATEMENT
Title The Seven Husbands of Evelyn Hugo/
Statement of responsibility, etc Taylor Jenkins Reid
260 ## - PUBLICATION, DISTRIBUTION, ETC. (IMPRINT)
Place of publication, distribution, etc New York
Name of publisher, distributor, etc Atria
Date of publication, distribution, etc 2018
270 ## - ADDRESS
Address 1230Avenue of the Americas
City New York
Postal code NY 10020
300 ## - PHYSICAL DESCRIPTION
Extent 389p.
Dimensions 21cm(pbk)
942 ## - ADDED ENTRY ELEMENTS (KOHA)
Source of classification or shelving scheme Dewey Decimal Classification
Item type English Books
Classification part N
Call number suffix REI
Holdings
Withdrawn status Lost status Not for loan Collection code Home library Current library Date acquired Source of acquisition Cost, normal purchase price Full call number Barcode Copy number Cost, replacement price Koha item type
      Fiction Ashok Vihar Ashok Vihar 23/01/2023 Aakar Books/I-2244/28.11.22/142/23.11.22/2.12.22 499.00 N REI B-746592 1 499.00 English Books
      Fiction Bawana Bawana 23/01/2023 Aakar Books/I-2244/28.11.22/142/23.11.22/2.12.22 499.00 N REI B-746595 1 499.00 English Books
      Fiction Central Library Central Library 23/01/2023 Aakar Books/I-2244/28.11.22/142/23.11.22/2.12.22 499.00 N REI B-746591 1 499.00 English Books
      Fiction Kasturba Gandhi Marg Kasturba Gandhi Marg 12/05/2026 Delivery of Books Act Division 499.00 N REI EN-131979 1 499.00 English Books
      Fiction Patel Nagar Patel Nagar 23/01/2023 Aakar Books/I-2244/28.11.22/142/23.11.22/2.12.22 499.00 N REI B-746593 1 499.00 English Books
      Fiction Sarojini Nagar Sarojini Nagar 23/01/2023 Aakar Books/I-2244/28.11.22/142/23.11.22/2.12.22 499.00 N REI B-746594 1 499.00 English Books
      Fiction Shahdara Branch Shahdara Branch 23/01/2023 Aakar Books/I-2244/28.11.22/142/23.11.22/2.12.22 499.00 N REI B-746596 1 499.00 English Books

© Delhi Public Library
Hit Counter
free hit counter